Anagrams - US Presidents - Statistics

General Stats
  • This quiz has been taken 876 times
  • The average score is 13 of 20
Answer Stats
Anagram President % Correct
hubs Bush
93%
vote loser Roosevelt
83%
lint con Clinton
81%
hating snow Washington
81%
tracer Carter
79%
ah yes Hayes
79%
no more Monroe
74%
ant rum Truman
73%
in owls Wilson
73%
recipe Pierce
68%
oiled cog Coolidge
64%
film role Fillmore
64%
a range Reagan
59%
domains Madison
56%
deaf girl Garfield
54%
my nickel Mckinley
51%
air horns Harrison
48%
we heroines Eisenhower
43%
hind rag Harding
43%
celled van Cleveland
42%
No matching quizzes found
Score Distribution
Percent of People with Each Score
Percentile by Number Answered
Your Score History
You have not taken this quiz